000 00309nam a2200121Ia 4500
005 20251222144718.0
008 251222s9999||||xx |||||||||||||| ||spa||
082 _a278.41/S23
100 _aSánchez Carazo, Antonio
245 0 _aMáximo y Compañeros Fulgencio
264 _bAgustinos Recoletos
942 _cLIB
999 _c18116
_d18116